Kentucky Bourbon Trail Distilleries - Statistics

General Stats
  • This quiz has been taken 28 times
  • The average score is 9 of 57
Answer Stats
Location Answer % Correct
Clermont James B. Beam Distilling Company
63%
Loretto Maker's Mark Distillery
63%
Versailles Woodford Reserve Distillery
44%
Graham The Bard Distillery
41%
Lawrenceburg Wild Turkey Bourbon
37%
Bardstown Bardstown Bourbon Company
33%
Louisville Angel's Envy Distillery
30%
Frankfort Castle & Key Distillery
26%
Lawrenceburg Four Roses Distillery
26%
Bardstown Heaven Hill Bourbon Experience
26%
Louisville Evan Williams Bourbon Experience
22%
Louisville Michter's Fort Nelson Distillery
22%
Louisville Kentucky Peerless Distilling Company
19%
Newport New Riff Distilling
19%
Bardstown Willett Distillery
19%
Augusta Augusta Distillery
15%
Owensboro Green River Distilling Company
15%
New Haven Log Still Distillery
15%
Louisville Old Forester Distillery
15%
Louisville Rabbit Hole Distillery
15%
Lexington Town Branch Distillery
15%
Florence Boone County Distilling
11%
Shelbyville Bulleit Distilling Company
11%
Lexington Fresh Bourbon Distilling Company
11%
Pleasureville Heaven's Door Distillery
11%
Lexington James E. Pepper Distillery
11%
Shelbyville Jeptha Creed Distillery
11%
Lebanon Limestone Branch Distillery
11%
Bardstown Lux Row Distillers
11%
Lexington RD1 Spirits Distillery
11%
Louisville Stitzel-Weller Distillery
11%
Frankfort Whiskey Thief Distilling Company
11%
Danville Wilderness Trail Distillery
11%
Lexington Barrel House Distilling Company
7%
Augusta Becker & Bird Distillery
7%
Lexington Bespoken Spirits
7%
Adairville B.H. James Distillers
7%
Midway Bluegrass Distillers
7%
Radcliff Boundary Oak Distillery
7%
Louisville Buzzard's Roost Whiskey
7%
Hopkinsville Casey Jones Distillery
7%
Bardstown Chicken Cock Whiskey
7%
Louisville Copper and Kings American Brandy Company
7%
Franklin Dueling Grounds Distillery
7%
Lancaster Garrard County Distilling Company
7%
Paris Hartfield & Company Distillery
7%
Crestwood Kentucky Artisan Distillery
7%
Lawrenceburg Larrikin Bourbon Company
7%
Pembroke MB Roland Distillery
7%
Sparta Neeley Family Distillery
7%
Newport Pensive Distilling Company
7%
Bardstown Preservation Distillery
7%
Burkesville Southern Kentucky Distillery
7%
Covington Wenzel Whiskey
7%
Clermont Fred B. Noe Distillery
4%
Maysville Old Pogue Distillery
4%
Ludlow Second Sight Spirits
4%
No matching quizzes found
Score Distribution
Percent of People with Each Score
Percentile by Number Answered
Your Score History
You have not taken this quiz